| 000 | 00888nam a22002537a 4500 | ||
|---|---|---|---|
| 008 | 131107b xxu||||| |||| 00| 0 eng d | ||
| 020 | _a9780821378229 | ||
| 041 | 0 | _aeng | |
| 080 |
_a331 - 053.6 _x(664) |
||
| 100 | _aPeeters, Pia | ||
| 245 |
_aYouth employment in Sierra Leone : _cPia Peeters, Wendy Cunningham, Gayatri Achayra, etj. |
||
| 260 |
_aWashington, DC : _bWorld Bank, _cc2009. |
||
| 300 |
_a182 f.: _bme il. ; _c23 cm. |
||
| 500 | _a Biliography = Biliografia : f. 167 - 172 | ||
| 505 | _a Index : f. 173 - 182 | ||
| 650 | 0 |
_aRinia _xPunësimi _zSierra Leone. |
|
| 650 | 0 |
_aOfertë e punës _zSierra Leone. |
|
| 650 | 0 |
_aTrajnimi profesional _zSierra Leone. |
|
| 700 | _aPeeters, Pia | ||
| 700 | _a Cunningham, Wendy | ||
| 700 | _aAchayra, Gayatri | ||
| 700 | _aAdams, Arvil Van | ||
| 942 |
_2udc _cBK |
||
| 999 |
_c246 _d246 |
||